| 000 | 00383nam a22001337a 4500 | ||
|---|---|---|---|
| 027 | _qPB. | ||
| 040 | _cFIZZA ISHAQ | ||
| 082 |
_a303.48 _bSTE |
||
| 100 |
_aSteger , Manfred. _9133749 |
||
| 245 |
_aGlobalization: A Very Short Introduction / _cManfred Steger. |
||
| 260 |
_aNew York: _bOxford University Press, _c2003. |
||
| 300 |
_a147 P. ; _c6.8 x 0.5 x 4.2 inches |
||
| 942 |
_2ddc _cBK |
||
| 999 |
_c616707 _d616707 |
||